| 000 | 00794nam a22002417a 4500 | ||
|---|---|---|---|
| 005 | 20170124110050.0 | ||
| 010 | _aB-224857 | ||
| 020 |
_c480.00 _a9788178295497 |
||
| 035 | _aB-224857 | ||
| 037 | _bCen Lib/Ret | ||
| 040 |
_aDPL _bEN |
||
| 082 |
_a658.406 _bHAR |
||
| 100 |
_aHarigopal, K. _925196 |
||
| 245 |
_aManagement of organization change : _cby K. Harigopal _bleveraging transformation / |
||
| 250 | _a2nd ed | ||
| 260 |
_aNew Delhi _bResponse Books _c2006 |
||
| 270 |
_bNew Delhi _aB1/11, Mohan corporation industrial area mathura road _e110044 |
||
| 300 |
_a741p. _c20cm(pbk) |
||
| 500 | _aIncludes bibliographical references and index | ||
| 650 |
_aChange management _925197 |
||
| 650 |
_aStaretegic planning _925198 |
||
| 942 |
_2ddc _cEN _h658.406 _mHAR |
||
| 999 |
_c129040 _d129040 |
||